| 000 | 01181nam a22003377a 4500 | ||
|---|---|---|---|
| 001 | BR7575076 | ||
| 003 | BR-BrBNA | ||
| 005 | 20230928084847.0 | ||
| 007 | ta | ||
| 008 | 230509b bl.||||| |||| 00| 0 por d | ||
| 040 |
_aBR-BrBNA _bpor _cBiblioteca Nacional de Agricultura |
||
| 041 | _a(Por) | ||
| 072 |
_aF25; F22 _b3810 _b/G514 |
||
| 090 | _ 3810 BR7575076 | ||
| 100 | 1 | _aDefelipo, B.V. | |
| 110 | 1 |
_aEscola Superior de Agricultura Luiz de Queiroz, Piracicaba, SP (Brasil) _0Tese (Doutoramento) |
|
| 245 | 1 | _aTeores de potassio em solos de Piracicaba e estabelecimento de seu nivel critico [Fertilizante fosfatado; Nutriente; Brasil] | |
| 260 | 3 |
_aPiracicaba, SP (Brasil): _c1974. |
|
| 300 | _a124 p. | ||
| 500 | _aBibliography p. 87-99 (120 ref.); Summaries (Eng, Por). (*) Documento disponível na(o) Escola Superior de Agricultura Luiz de Queiroz, Piracicaba, SP (Brazil) | ||
| 650 | _aFertilidade do solo | ||
| 650 | _aNutricao vegetal | ||
| 650 | _aFisica do solo | ||
| 650 | _aSolo | ||
| 650 | _aFertilizante potassico | ||
| 650 | _aNutriente | ||
| 650 | _aPiracicaba | ||
| 650 | _aSao Paulo | ||
| 909 |
_a202309 _bLucia _c55 _dLucia Elande |
||
| 942 | _cBK | ||
| 999 |
_c21519 _d21519 |
||